000 00454nam a2200193Ia 4500
005 20240823045741.0
008 240823s9999||||xx |||||||||||||| ||und||
020 _a978-93-80607-11-5
041 _aENGLISH
082 _A658.8 Q1
100 _aShajahan S
245 0 _aapplied Case studies in Marketing
250 _a1st
260 _c2011
_bprimus
500 _aYES
650 _aMarketing
_bManagement Studies
942 _cBK
999 _c215677
_d215677